Pengaruh personaliti dan sikap terhadap produktiviti kerja : kajian dikalangan pensyarah muslim Universiti Malaya /
Saved in:
| Main Author: | |
|---|---|
| Format: | Thesis Book |
| Language: | Malay |
| Subjects: | |
| Online Access: | http://studentsrepo.um.edu.my/id/eprint/207 |
| Tags: |
Add Tag
No Tags, Be the first to tag this record!
|
| LEADER | 01605cam a2200349 a 4500 | ||
|---|---|---|---|
| 001 | u716414 | ||
| 003 | SIRSI | ||
| 008 | 060111s2005 my t 000 0 may m | ||
| 040 | |a UMM |d UMA |e rda | ||
| 043 | |a a-my-wp | ||
| 090 | |a BP42 |b A1 UM 2005 Wanswi | ||
| 094 | |a BP42 |b A1 UM 2005 Wanswi | ||
| 100 | 0 | 0 | |a Wan Suriati Wan Ishak |e author. |
| 245 | 1 | 0 | |a Pengaruh personaliti dan sikap terhadap produktiviti kerja : |b kajian dikalangan pensyarah muslim Universiti Malaya / |c Wan Suriati Bt Wan Ishak. |
| 264 | 1 | |c 2005. | |
| 264 | 4 | |c 2005. | |
| 300 | |a xxxvi, [184] leaves. : |b illustrations ; |c 30 cm. | ||
| 336 | |a text |2 rdacontent | ||
| 337 | |a unmediated |2 rdamedia | ||
| 338 | |a volume |2 rdacarrier | ||
| 500 | |a AIUM. | ||
| 502 | |a Dissertation (M.Syariah) -- Jabatan Syariah dan Pengurusan, Akademi Pengajian Islam, Universiti Malaya, 2005. | ||
| 504 | |a Bibliography: leaves 133-137. | ||
| 610 | 2 | 0 | |a Universiti Malaya |x Lecturers |x Attitudes |
| 650 | 0 | |a Personality and occupation |z Kuala Lumpur (W.P.) | |
| 650 | 0 | |a Labor productivity |z Kuala Lumpur (W.P.) | |
| 710 | 2 | 0 | |a Universiti Malaya. |b Jabatan Syariah dan Pengurusan |
| 856 | 4 | 1 | |u http://studentsrepo.um.edu.my/id/eprint/207 |
| 596 | |a 1 12 18 | ||
| 999 | |a BP42 A1 UM 2005 WANSWI |w LC |c 1 |i A511626832 |d 30/5/2016 |e 30/5/2016 |f 3/3/2006 |g 1 |l STACKS |m P12ISLAMKL |n 2 |r Y |s Y |t TESIS |u 23/2/2006 | ||
| 999 | |a BP42 A1 UM 2005 WANSWI |w LC |c 1 |i A512505854 |d 15/10/2016 |e 15/10/2016 |f 17/5/2006 |g 1 |l STACKS |m P01UTAMA |n 33 |r Y |s Y |t TESIS |u 17/5/2006 | ||
| 999 | |a BP42 A1 UM 2005 WANSWI |w LC |c 1 |i A512529507 |d 14/6/2007 |f 14/6/2007 |g 1 |l RESERVES |m P18ISLPURI |r Y |s Y |t TESIS |u 14/6/2007 | ||
